000 00530nam a22001937a 4500
003 koha_MIRAKIL
005 20231213100216.0
008 231213b |||||||| |||| 00| 0 ||| d
020 _b978-9-75999901-8
040 _aTR-IsEVY
_btur
_cTR-IsEVY
082 _aFIC CES
100 _aeditör Tuba Öztürk.
245 0 _aCesur terzi
_bGrimm Kardeşler
260 _bBeyaz Balina Yayınları,
_c2016
300 _a15 s.
650 _aChildren's literature -- Tales.
650 _aÇocuk edebiyatı -- Masal.
942 _2ddc
_cBK
999 _c16294
_d16294